Normal view
MARC view
- Peraza Guzmán, Armando
Entry Nombre Personal
001 - NUMERO DE CONTROL
- campo de control: 44158
003 - IDENTIFICADOR DE NUMERO DE CONTROL
- campo de control: DLC
005 - FECHA Y HORA DE LA ÜLTIMA TRANSACCIÓN
- campo de control: 20220329141143.0
008 - DATOS DE LONGITUD FIJA
- campo de control de longitud fija: 220329n| acannaabn |a aaa c
010 ## - NÚMERO DE CONTROL DE LA BIBLIOTECA DEL CONGRESO
- Número de control LC: no2011158564
035 ## - NUMERO DE CONTROL
- Número de control: (OCoLC)oca09003564
040 ## - FUENTE DE CATALOGACIÓN
- Agencia original de catalogación: NjP
- Lenguaje de catalogación: spa
- Agencia de transcripción: NjP
- Agencia que lo modifica: MX-MxUPN
100 1# - ENCABEZAMIENTO - NOMBRE PERSONAL
- Nombre personal: Peraza Guzmán, Armando
375 ## - GÉNERO
- Gender: masculino
377 ## - LENGUA ASOCIADA
- Language code: spa
400 1# - VEÁSE - NOMBRE DE PERSONA
- Personal name: Guzmán, Armando Peraza
670 ## - FUENTE EN LA QUE SE LOCALIZARON DATOS
- Cita de la fuente: Fracaso educativo y políticas públicas en México, 2010:
- Información localizada: portada (Armando Peraza Guzmán)
902 ## - CATALOGADOR
- Catalogador: NDAF/290322
